[Event "Erlanger BSGW-Open 2012 30rd"]
[Site "Erlangen/Eltersd.(30.3.-1.4)"]
[Date "2012.04.01"]
[Round "4.45"]
[White "Walter, Gabriele"]
[Black "Mutter, Thomas(99)"]
[Result "1-0"]
[WhiteElo "971"]
[BlackElo "764"]
[PlyCount "79"]
[EventDate "2012.04.??"]
[EventType "swiss"]
[EventRounds "5"]
[EventCountry "GER"]
[WhiteTeam "Lauf/P. SV"]
[BlackTeam "Erlangen BSGW"]

1. c4 b6 2. Nc3 Bb7 3. e4 Nf6 4. d3 g6 5. g3 Bg7 6. Bg2 O-O 7. Nge2 e6 8. O-O
d5 9. cxd5 exd5 10. e5 Ng4 11. d4 Qd7 12. Nf4 Qf5 13. Nfxd5 Qh5 14. h3 Nh6 15.
Nxc7 Qxd1 16. Rxd1 Na6 17. Nxa8 Bxg2 18. Kxg2 Rxa8 19. Bg5 Nf5 20. Bf6 Bxf6 21.
exf6 Re8 22. Re1 Re6 23. Rxe6 fxe6 24. Re1 Nxd4 25. Re4 Nc5 26. Rxd4 e5 27. Rd5
Kf7 28. b4 Ne6 29. Ne4 h5 30. Rd7+ Ke8 31. Re7+ Kd8 32. Rxe6 Kd7 33. Ng5 h4 34.
g4 a5 35. b5 e4 36. f7 e3 37. fxe3 a4 38. f8=Q a3 39. Qf7+ Kd8 40. Re8# 1-0

[Event "Erlanger BSGW-Open 2012 30rd"]
[Site "Erlangen/Eltersd.(30.3.-1.4)"]
[Date "2012.04.01"]
[Round "5.1"]
[White "Niedermeier, Thomas(90)"]
[Black "Knoblauch, Leonhard"]
[Result "0-1"]
[WhiteElo "2096"]
[BlackElo "2116"]
[PlyCount "96"]
[EventDate "2012.04.??"]
[EventType "swiss"]
[EventRounds "5"]
[EventCountry "GER"]
[WhiteTeam "Ilmmünster SV"]
[BlackTeam "Ilmmünster SV"]

1. d4 Nf6 2. Nf3 e6 3. Bf4 c5 4. e3 Qb6 5. Qc1 Be7 6. c3 d5 7. Nbd2 Bd7 8. a4
Nc6 9. Bd3 Rc8 10. Qb1 h6 11. h3 Na5 12. dxc5 Rxc5 13. Ne5 Rc8 14. O-O Nc6 15.
Nxd7 Nxd7 16. e4 Nf6 17. exd5 Nxd5 18. Nc4 Qd8 19. Bg3 O-O 20. Qd1 Na5 21. Ne5
Bd6 22. Qe2 Nc6 23. f4 Qb6+ 24. Kh2 Bxe5 25. fxe5 Qe3 26. Qxe3 Nxe3 27. Rf3 Nd5
28. a5 a6 29. Ra4 Rcd8 30. Be4 Nde7 31. Rd3 Rxd3 32. Bxd3 Rd8 33. Be4 Rd2 34.
b4 Re2 35. Bf3 Re3 36. Bf2 Rxc3 37. Bc5 Nd5 38. Ra1 Rd3 39. b5 Nxe5 40. Be4 Rd2
41. bxa6 bxa6 42. Rb1 f5 43. Rb8+ Kh7 44. Bxd5 Rxd5 45. Bb6 Nc4 46. Ra8 Nxa5
47. Rxa6 Nc4 48. Bc7 Rc5 0-1

[Event "Erlanger BSGW-Open 2012 30rd"]
[Site "Erlangen/Eltersd.(30.3.-1.4)"]
[Date "2012.04.01"]
[Round "5.2"]
[White "Krauss, Josef"]
[Black "Stadler, Alex"]
[Result "0-1"]
[WhiteElo "2079"]
[BlackElo "2029"]
[PlyCount "145"]
[EventDate "2012.04.??"]
[EventType "swiss"]
[EventRounds "5"]
[EventCountry "GER"]
[WhiteTeam "Würzburg SV"]
[BlackTeam "Deggendorf SV"]

1. e4 c5 2. c3 e6 3. d4 d5 4. exd5 exd5 5. Nf3 Nc6 6. Bb5 a6 7. Be2 Nf6 8. O-O
cxd4 9. Nxd4 Bd6 10. Nd2 Nxd4 11. cxd4 Qc7 12. Nf3 O-O 13. Bg5 Ne4 14. Bh4 Bf5
15. Bg3 Nxg3 16. hxg3 Qc2 17. Qxc2 Bxc2 18. Rfc1 Rac8 19. Ne1 Bf5 20. Nd3 Rfe8
21. Kf1 Be4 22. Nf4 g5 23. Nh5 Be7 24. g4 Bc2 25. Bf3 Red8 26. Re1 Kf8 27. Re5
Rc4 28. Rxd5 Rxd5 29. Bxd5 Rxd4 30. Bxb7 Bd3+ 31. Kg1 Rb4 32. Rc1 Bd6 33. Rc8+
Ke7 34. Bc6 Bc5 35. Bd5 Bb6 36. Rc3 Bg6 37. b3 Rxg4 38. Ng3 Rd4 39. Re3+ Kd6
40. Bf3 Rd2 41. Re2 Rxe2 42. Bxe2 a5 43. Bc4 f5 44. Kf1 Ke5 45. Ne2 h5 46. f4+
gxf4 47. Ng1 Be8 48. Nf3+ Ke4 49. Ke2 Bd8 50. Bd3+ Kd5 51. Bxf5 Bf6 52. a4 Bf7
53. Nd2 Ke5 54. Bc2 Kd4 55. Nc4 Bd8 56. Nd6 Be6 57. Kf3 Bg5 58. Nc4 Bg4+ 59.
Kf2 Kc3 60. Be4 Bd8 61. Bd5 Bd1 62. Bf7 Bxb3 63. Nxa5 Bxf7 64. Nc6 Bb6+ 65. Kf3
Bd5+ 66. Kxf4 Bxc6 67. Kg5 Be8 68. g4 Bd8+ 69. Kf4 hxg4 70. Kxg4 Bxa4 71. Kf5
Kd4 72. Ke6 Bc7 73. Kf5 0-1

[Event "Erlanger BSGW-Open 2012 30rd"]
[Site "Erlangen/Eltersd.(30.3.-1.4)"]
[Date "2012.04.01"]
[Round "5.3"]
[White "Boss, Rolf"]
[Black "Bielmeier, Ludwig"]
[Result "0-1"]
[WhiteElo "2063"]
[BlackElo "2014"]
[PlyCount "168"]
[EventDate "2012.04.??"]
[EventType "swiss"]
[EventRounds "5"]
[EventCountry "GER"]
[WhiteTeam "Bamberg 1868 SC "]
[BlackTeam "Deggendorf SV"]

1. e4 c6 2. d4 d5 3. e5 c5 4. dxc5 Nc6 5. Nf3 Bg4 6. Bb5 Qa5+ 7. Nc3 e6 8. Be3
Nge7 9. a3 O-O-O 10. b4 Qc7 11. Bxc6 Nxc6 12. Nb5 Bxf3 13. Qxf3 Qxe5 14. O-O a6
15. Nd6+ Bxd6 16. cxd6 Qxd6 17. Qxf7 Qd7 18. Qxd7+ Rxd7 19. Bf4 Rf7 20. Bg3 h5
21. h3 Kd7 22. Rad1 b5 23. Rfe1 Rc8 24. c3 Ne7 25. Rd3 Nf5 26. Be5 Rc4 27. a4
bxa4 28. Rf3 g5 29. Ra1 Kc6 30. Rxa4 Ra7 31. Ra5 g4 32. hxg4 hxg4 33. Rf4 Rxf4
34. Bxf4 Kb6 35. Kf1 Rf7 36. Ke1 Rh7 37. Kd2 Kb7 38. Rc5 Rd7 39. Kd3 Nh4 40. g3
Ng6 41. Be3 Ne5+ 42. Ke2 Nc4 43. f3 gxf3+ 44. Kxf3 Nd6 45. Bf4 Ne4 46. Ra5 Nxc3
47. Be5 Ne4 48. b5 axb5 49. Rxb5+ Kc6 50. Rb2 Rf7+ 51. Ke3 Ra7 52. Rc2+ Kd7 53.
Kf3 Ra3+ 54. Kg4 Nd6 55. Rh2 Ra4+ 56. Kf3 Nc4 57. Rh7+ Kc6 58. Bg7 Nd2+ 59. Ke3
Ne4 60. Be5 Nd6 61. Bf4 Ra3+ 62. Ke2 d4 63. Re7 Kd5 64. Rd7 e5 65. Bh6 Ra2+ 66.
Kf3 Ke6 67. Rd8 Nf7 68. Rf8 Ke7 69. Rb8 Nxh6 70. Rb7+ Ke8 71. Ke4 Re2+ 72. Kd5
Kf8 73. Ke6 Kg8 74. Kf6 Ng4+ 75. Kg6 Rf2 76. Rb8+ Rf8 77. Rb7 Nf6 78. Re7 e4
79. g4 e3 80. g5 Ne8 81. Re4 Nd6 82. Rxd4 e2 83. Rxd6 e1=Q 84. Rd7 Qe6+ 0-1

[Event "Erlanger BSGW-Open 2012 30rd"]
[Site "Erlangen/Eltersd.(30.3.-1.4)"]
[Date "2012.04.01"]
[Round "5.4"]
[White "Kociurzynski, Andre"]
[Black "Walter, Thomas(78)"]
[Result "1/2-1/2"]
[WhiteElo "1949"]
[BlackElo "2055"]
[PlyCount "129"]
[EventDate "2012.04.??"]
[EventType "swiss"]
[EventRounds "5"]
[EventCountry "GER"]
[WhiteTeam "Fürth 1951 SF"]
[BlackTeam "Erlangen 48/88 SC"]

1. e4 c5 2. Nf3 g6 3. Nc3 Bg7 4. d4 cxd4 5. Nxd4 Nc6 6. Nxc6 bxc6 7. Bc4 Qa5 8.
Bd2 Rb8 9. O-O Rxb2 10. Qf3 Nf6 11. Bb3 O-O 12. Rad1 d5 13. Na4 Rxb3 14. Bxa5
Rxf3 15. gxf3 dxe4 16. fxe4 Nxe4 17. Rfe1 f5 18. f3 Ng5 19. Rxe7 Nxf3+ 20. Kg2
Nh4+ 21. Kf2 f4 22. Bb4 Bf6 23. Rc7 Bg4 24. Bxf8 Bxd1 25. Be7 Bd4+ 26. Ke1 Bxc2
27. Bxh4 Bxa4 28. Bf2 Bc3+ 29. Ke2 a6 30. Kf3 Be5 31. Ra7 Bb5 32. Ke4 Bf6 33.
Kxf4 h5 34. Bc5 Bd3 35. Bd6 g5+ 36. Ke3 Bc4 37. Be7 Be5 38. Bxg5 Bxh2 39. Bh4
Bxa2 40. Rxa6 Bd5 41. Ra7 Be5 42. Rd7 Kf8 43. Kd3 Be6 44. Ra7 Bd5 45. Rd7 Be6
46. Ra7 Bf5+ 47. Kc4 Bf4 48. Rb7 Be4 49. Be7+ Ke8 50. Bh4 Bd6 51. Ra7 Bf3 52.
Rh7 Bd5+ 53. Kd4 Bf7 54. Bf6 c5+ 55. Ke3 Bg3 56. Kd2 c4 57. Ke3 Bc7 58. Bc3 Bg3
59. Bf6 Be1 60. Kf4 Bd2+ 61. Kf3 Ba5 62. Ke3 c3 63. Bxc3 Bxc3 64. Rxf7 Kxf7 65.
Kf3 1/2-1/2

[Event "Erlanger BSGW-Open 2012 30rd"]
[Site "Erlangen/Eltersd.(30.3.-1.4)"]
[Date "2012.04.01"]
[Round "5.5"]
[White "Walter, Florian(93)"]
[Black "Lais, Thomas"]
[Result "1/2-1/2"]
[WhiteElo "2076"]
[BlackElo "1950"]
[PlyCount "44"]
[EventDate "2012.04.??"]
[EventType "swiss"]
[EventRounds "5"]
[EventCountry "GER"]
[WhiteTeam "Lauf/P. SV"]
[BlackTeam "Nürnberg Süd SW"]

1. c4 Nf6 2. g3 g6 3. Bg2 d5 4. cxd5 Nxd5 5. Nc3 Nb6 6. Nf3 Bg7 7. O-O O-O 8.
d3 Nc6 9. Bd2 e5 10. Rc1 Nd4 11. Nxd4 exd4 12. Ne4 c6 13. Bb4 Re8 14. Qd2 Nd5
15. Bc5 b6 16. Ba3 c5 17. Qg5 Bb7 18. Qxd8 Raxd8 19. Bf3 f5 20. Nd2 g5 21. h3
Bc8 22. Rfe1 Re7 1/2-1/2

[Event "Erlanger BSGW-Open 2012 30rd"]
[Site "Erlangen/Eltersd.(30.3.-1.4)"]
[Date "2012.04.01"]
[Round "5.6"]
[White "Seeger, Peter"]
[Black "Suess, Stefan(87)"]
[Result "1-0"]
[WhiteElo "2040"]
[BlackElo "1851"]
[PlyCount "67"]
[EventDate "2012.04.??"]
[EventType "swiss"]
[EventRounds "5"]
[EventCountry "GER"]
[WhiteTeam "Nürnberg Noris-Tarr. SC"]
[BlackTeam "Nürnberg Noris-Tarr. SC"]

1. d4 d5 2. c4 e6 3. Nf3 Be7 4. g3 Nf6 5. Bg2 O-O 6. O-O dxc4 7. Qc2 c6 8. Qxc4
b5 9. Qc2 Bb7 10. Rd1 Qb6 11. Ne5 Rc8 12. e4 Nbd7 13. Be3 Qc7 14. Nxd7 Nxd7 15.
Nc3 a6 16. h3 Nf6 17. Rac1 Qd7 18. Qe2 Qe8 19. Kh2 Rd8 20. e5 Nd5 21. Ne4 Rac8
22. Bg5 f6 23. exf6 gxf6 24. Bh4 Qf7 25. Bf3 Rc7 26. Bh5 Qg7 27. Nc5 Bc8 28.
Nxe6 Bxe6 29. Qxe6+ Kh8 30. Rxc6 Rxc6 31. Qxc6 Bd6 32. Re1 Ne7 33. Qf3 Rf8 34.
Re6 1-0

[Event "Erlanger BSGW-Open 2012 30rd"]
[Site "Erlangen/Eltersd.(30.3.-1.4)"]
[Date "2012.04.01"]
[Round "5.7"]
[White "Woerl, Richard"]
[Black "Wittmann, Helmut"]
[Result "1/2-1/2"]
[WhiteElo "1950"]
[BlackElo "2022"]
[PlyCount "52"]
[EventDate "2012.04.??"]
[EventType "swiss"]
[EventRounds "5"]
[EventCountry "GER"]
[WhiteTeam "Nürnberg Süd SW"]
[BlackTeam "Erlangen BSGW"]

1. e4 g6 2. c3 Nf6 3. d3 Bg7 4. Be2 c5 5. Na3 Nc6 6. f4 h5 7. g3 d5 8. e5 Ng4
9. h3 Nh6 10. g4 hxg4 11. hxg4 Be6 12. d4 cxd4 13. cxd4 Qb6 14. Nc2 O-O-O 15.
Rh3 f6 16. Rb3 Qc7 17. Nb4 Nxb4 18. Rxb4 Kb8 19. Bd2 Bc8 20. Rc1 Qd7 21. Qb3
Nxg4 22. Rxc8+ Rxc8 23. Bxg4 Qxg4 24. Rxb7+ Ka8 25. Rxa7+ Kxa7 26. Qa4+ Kb7
1/2-1/2

[Event "Erlanger BSGW-Open 2012 30rd"]
[Site "Erlangen/Eltersd.(30.3.-1.4)"]
[Date "2012.04.01"]
[Round "5.8"]
[White "Minor, Viatcheslav"]
[Black "Schulz, Wilfried(48)"]
[Result "0-1"]
[WhiteElo "1983"]
[BlackElo "1859"]
[PlyCount "27"]
[EventDate "2012.04.??"]
[EventType "swiss"]
[EventRounds "5"]
[EventCountry "GER"]
[WhiteTeam "Eisenach SV"]
[BlackTeam "Schwanstetten SK"]

1. e4 d5 2. exd5 Qxd5 3. Nc3 Qa5 4. d4 Nf6 5. Nf3 Bg4 6. Bc4 Nbd7 7. h3 Bxf3 8.
Qxf3 c6 9. Bd2 e6 10. O-O-O Bb4 11. a3 Bxc3 12. Bxc3 Qc7 13. g4 Nd5 14. Bd2 0-1

[Event "Erlanger BSGW-Open 2012 30rd"]
[Site "Erlangen/Eltersd.(30.3.-1.4)"]
[Date "2012.04.01"]
[Round "5.9"]
[White "Koerber, Thomas(61)"]
[Black "Sponheim, Marko"]
[Result "1/2-1/2"]
[WhiteElo "1837"]
[BlackElo "2016"]
[PlyCount "79"]
[EventDate "2012.04.??"]
[EventType "swiss"]
[EventRounds "5"]
[EventCountry "GER"]
[WhiteTeam "Fürth 1951 SF"]
[BlackTeam "Mettmann-Sport"]

1. Nf3 c5 2. e3 Nf6 3. d4 b6 4. Bd3 Bb7 5. b3 d6 6. Bb2 Nbd7 7. c4 e6 8. O-O g6
9. Nc3 Bg7 10. Qe2 O-O 11. Rfd1 a6 12. e4 cxd4 13. Nxd4 Qc7 14. f3 Ng4 15. Bc2
Ngf6 16. Qe3 Rfe8 17. Qd2 Rad8 18. Rac1 Nb8 19. Bb1 Nc6 20. Nxc6 Qxc6 21. Ne2
e5 22. Nc3 Bf8 23. Nd5 Nd7 24. Qe3 Qc5 25. Qxc5 bxc5 26. Nc7 Re7 27. Rxd6 Bh6
28. Rcd1 Be3+ 29. Kf1 Bd4 30. Bxd4 exd4 31. Nd5 Re6 32. Rxe6 fxe6 33. Nf4 Kf7
34. Nd3 Ke7 35. Ke2 a5 36. Bc2 Ba6 37. a4 Kd6 38. g3 e5 39. Kf2 Rf8 40. Kg2
1/2-1/2

[Event "Erlanger BSGW-Open 2012 30rd"]
[Site "Erlangen/Eltersd.(30.3.-1.4)"]
[Date "2012.04.01"]
[Round "5.10"]
[White "Eber, Fabian(87)"]
[Black "Czikuss, Hans-Joachim"]
[Result "1/2-1/2"]
[WhiteElo "2047"]
[BlackElo "1875"]
[PlyCount "125"]
[EventDate "2012.04.??"]
[EventType "swiss"]
[EventRounds "5"]
[EventCountry "GER"]
[WhiteTeam "Wilhermsdorf SF"]
[BlackTeam "Frankfurt 1921 Sfr."]

1. e4 c5 2. Nf3 Nc6 3. Bb5 g6 4. c3 Nf6 5. e5 Nd5 6. O-O Bg7 7. d4 cxd4 8. cxd4
O-O 9. Bc4 Nb6 10. Bb3 d6 11. Re1 Bg4 12. Bf4 dxe5 13. dxe5 Qxd1 14. Bxd1 Nb4
15. Re4 Bxf3 16. gxf3 Nd3 17. Bg3 Nxb2 18. Be2 Rac8 19. Na3 N2a4 20. Nc4 Rfd8
21. Nxb6 Nxb6 22. Rd1 Rxd1+ 23. Bxd1 e6 24. Bb3 Nd5 25. Rd4 Rc5 26. f4 Bf8 27.
Kg2 Be7 28. Kf3 b5 29. Ke4 Nb6 30. f3 a5 31. Bf2 a4 32. Bd1 Nd5 33. Be1 Rc1 34.
Ba5 Kg7 35. Be2 b4 36. Rc4 Nc3+ 37. Kd3 Nxe2 38. Bxb4 Rxc4 39. Kxc4 Bd8 40. Kb5
a3 41. Bxa3 Nxf4 42. Bc5 Nd5 43. a4 f6 44. exf6+ Kxf6 45. a5 e5 46. Kc6 Bxa5
47. Kxd5 Kf5 48. Be3 Be1 49. Bc1 Bf2 50. Bd2 Bg1 51. h3 Bf2 52. Bc1 Bg3 53. Bd2
Bf4 54. Be1 Be3 55. Bg3 h5 56. Bxe5 Bf4 57. Bd4 Bc1 58. Be5 Be3 59. Bg3 Bf4 60.
Bf2 g5 61. Kd4 h4 62. Kd3 Bc1 63. Ke2 1/2-1/2

[Event "Erlanger BSGW-Open 2012 30rd"]
[Site "Erlangen/Eltersd.(30.3.-1.4)"]
[Date "2012.04.01"]
[Round "5.11"]
[White "Bolduan, Sebastian"]
[Black "Mehringer, Joerg"]
[Result "1/2-1/2"]
[WhiteElo "2025"]
[BlackElo "1867"]
[PlyCount "47"]
[EventDate "2012.04.??"]
[EventType "swiss"]
[EventRounds "5"]
[EventCountry "GER"]
[WhiteTeam "Nürnberg Noris-Tarr. SC"]
[BlackTeam "Berlin Weisse Dame SC"]

1. e4 e5 2. Nf3 Nc6 3. Bb5 f5 4. Nc3 fxe4 5. Nxe4 d5 6. Nxe5 dxe4 7. Nxc6 Qg5
8. Qe2 Nf6 9. f4 Qxf4 10. d4 Qh4+ 11. g3 Qh3 12. Ne5+ c6 13. Bc4 Bd6 14. Bf4
Bxe5 15. dxe5 Bg4 16. Qe3 Nd5 17. Qxe4 Nxf4 18. Qxf4 O-O-O 19. Rf1 Rhe8 20. Rf2
Qh5 21. Kf1 Rxe5 22. Kg1 Re7 23. Bf7 Qh3 24. Bc4 1/2-1/2

[Event "Erlanger BSGW-Open 2012 30rd"]
[Site "Erlangen/Eltersd.(30.3.-1.4)"]
[Date "2012.04.01"]
[Round "5.12"]
[White "Thier, Juergen(74)"]
[Black "Thuerauf, Peter"]
[Result "1/2-1/2"]
[WhiteElo "2026"]
[BlackElo "1851"]
[PlyCount "80"]
[EventDate "2012.04.??"]
[EventType "swiss"]
[EventRounds "5"]
[EventCountry "GER"]
[WhiteTeam "Heidelberg SF"]
[BlackTeam "Nürnberg Süd SW"]

1. c4 e6 2. Nc3 d5 3. d4 Nf6 4. Bg5 Be7 5. e3 O-O 6. Qc2 c6 7. Nf3 Nbd7 8.
O-O-O dxc4 9. Bxc4 Nd5 10. h4 Re8 11. g4 Nb4 12. Qe2 b5 13. Bb3 a5 14. a3 Na6
15. Ne4 Qc7 16. Bf4 Qb6 17. g5 c5 18. d5 c4 19. dxe6 Qxe6 20. Bc2 Ndc5 21. Nd4
Qb6 22. Qh5 Nd3+ 23. Rxd3 cxd3 24. Bxd3 g6 25. Qe2 b4 26. a4 Bb7 27. f3 Nc5 28.
Bb5 Rec8 29. Nd2 Bd5 30. Kb1 Ne6 31. Nxe6 Qxe6 32. h5 Bd6 33. Bxd6 Qxd6 34.
hxg6 fxg6 35. e4 Be6 36. e5 Qd5 37. b3 Bf5+ 38. Ne4 Qxb3+ 39. Ka1 Bxe4 40. Qxe4
Qa3+ 1/2-1/2

[Event "Erlanger BSGW-Open 2012 30rd"]
[Site "Erlangen/Eltersd.(30.3.-1.4)"]
[Date "2012.04.01"]
[Round "5.13"]
[White "Lange, Carsten(65)"]
[Black "Leidorf, Sebastian"]
[Result "1/2-1/2"]
[WhiteElo "1899"]
[BlackElo "1991"]
[PlyCount "43"]
[EventDate "2012.04.??"]
[EventType "swiss"]
[EventRounds "5"]
[EventCountry "GER"]
[WhiteTeam "Zirndorf SK"]
[BlackTeam "Bergwinkel SV"]

1. g3 Nf6 2. Bg2 c5 3. Nf3 g6 4. b3 Bg7 5. Bb2 O-O 6. c4 Nc6 7. O-O b6 8. d4
cxd4 9. Nxd4 Bb7 10. Nc3 Qc8 11. Nd5 Nxd5 12. cxd5 Nxd4 13. Bxd4 Bxd4 14. Qxd4
Qc5 15. Qxc5 bxc5 16. d6 Bxg2 17. dxe7 Bxf1 18. exf8=Q+ Kxf8 19. Kxf1 a5 20.
Rc1 d6 21. Rc4 Ke7 22. e4 1/2-1/2

[Event "Erlanger BSGW-Open 2012 30rd"]
[Site "Erlangen/Eltersd.(30.3.-1.4)"]
[Date "2012.04.01"]
[Round "5.14"]
[White "Ammon, Tobias"]
[Black "Lottring, Dieter"]
[Result "1-0"]
[WhiteElo "1976"]
[BlackElo "1629"]
[PlyCount "105"]
[EventDate "2012.04.??"]
[EventType "swiss"]
[EventRounds "5"]
[EventCountry "GER"]
[WhiteTeam "Altensittenbach SV"]
[BlackTeam "Schwabach SK"]

1. e4 g6 2. d4 Bg7 3. Nc3 d6 4. Nf3 Nf6 5. Be2 O-O 6. O-O b6 7. Bg5 Nfd7 8. Qd2
Ba6 9. Rad1 Bxe2 10. Qxe2 c6 11. e5 d5 12. e6 fxe6 13. Qxe6+ Rf7 14. Rde1 Nf8
15. Qh3 Bf6 16. Bh6 Qd7 17. Qg3 Na6 18. h4 Qf5 19. Re2 Re8 20. a3 Nb8 21. Rfe1
Qc8 22. Nd1 Nbd7 23. Ne3 Qb8 24. Qh3 e5 25. Bxf8 Kxf8 26. Ng4 e4 27. Nxf6 Nxf6
28. Ne5 Rc7 29. h5 Qc8 30. Qxc8 Rexc8 31. hxg6 h6 32. f4 exf3 33. gxf3 c5 34.
dxc5 bxc5 35. f4 Re8 36. Nf3 Rce7 37. Rxe7 Rxe7 38. Rxe7 Kxe7 39. Kf2 Ke6 40.
Nh4 Ne4+ 41. Ke3 Nd6 42. f5+ Kf6 43. b3 a5 44. a4 Nb7 45. Kf4 h5 46. Ng2 Nd6
47. Ne3 d4 48. Nd5+ Kg7 49. Kg5 h4 50. f6+ Kg8 51. Ne7+ Kh8 52. g7+ Kh7 53.
g8=Q# 1-0

[Event "Erlanger BSGW-Open 2012 30rd"]
[Site "Erlangen/Eltersd.(30.3.-1.4)"]
[Date "2012.04.01"]
[Round "5.15"]
[White "Pikal, Alexander"]
[Black "Adelhütte, Dennis"]
[Result "1/2-1/2"]
[WhiteElo "1904"]
[BlackElo "1936"]
[PlyCount "24"]
[EventDate "2012.04.??"]
[EventType "swiss"]
[EventRounds "5"]
[EventCountry "GER"]
[WhiteTeam "Ansbach SC"]
[BlackTeam "Erlangen 48/88 SC"]

1. f4 Nf6 2. Nf3 g6 3. e3 Bg7 4. d4 d6 5. Bd3 O-O 6. Nc3 c5 7. d5 a6 8. a4 e6
9. Bc4 exd5 10. Nxd5 Nc6 11. O-O Nxd5 12. Bxd5 Ne7 1/2-1/2

[Event "Erlanger BSGW-Open 2012 30rd"]
[Site "Erlangen/Eltersd.(30.3.-1.4)"]
[Date "2012.04.01"]
[Round "5.16"]
[White "Seidel, Michael ProfDr(68)"]
[Black "Nahlik, Bernhard Dr"]
[Result "1-0"]
[WhiteElo "1924"]
[BlackElo "1699"]
[PlyCount "88"]
[EventDate "2012.04.??"]
[EventType "swiss"]
[EventRounds "5"]
[EventCountry "GER"]
[WhiteTeam "Hof PTSV SK"]
[BlackTeam "Ansbach SC"]

1. e4 c6 2. d4 d5 3. exd5 cxd5 4. c4 Nf6 5. Nc3 Nc6 6. Nf3 Bg4 7. cxd5 Nxd5 8.
Qb3 Nxc3 9. bxc3 Qc7 10. Be2 e6 11. O-O Be7 12. Be3 O-O 13. Rac1 Bf6 14. Rfe1
Rac8 15. Nd2 Bxe2 16. Rxe2 Nxd4 17. Bxd4 Bxd4 18. Ne4 Bb6 19. c4 Bd4 20. c5
Rfd8 21. Rec2 Qc6 22. Nd6 Rc7 23. Nb5 Rcd7 24. Nxa7 Qd5 25. c6 bxc6 26. Qxd5
Rxd5 27. Nxc6 Re8 28. Ne7+ Kf8 29. Nxd5 exd5 30. Rd2 Bc3 31. Rxd5 Re6 32. g3
Bb2 33. Rc7 g6 34. Rdd7 Rf6 35. a4 Be5 36. Rc8+ Kg7 37. f4 Bd6 38. Rc6 Bb8 39.
Rxf6 Kxf6 40. a5 Ke6 41. Rb7 Bd6 42. a6 h6 43. Rb6 Kd7 44. Rxd6+ Kxd6 1-0

[Event "Erlanger BSGW-Open 2012 30rd"]
[Site "Erlangen/Eltersd.(30.3.-1.4)"]
[Date "2012.04.01"]
[Round "5.17"]
[White "Unkelbach, Manfred"]
[Black "Pranschke, Gerd"]
[Result "1-0"]
[WhiteElo "1827"]
[BlackElo "1882"]
[PlyCount "169"]
[EventDate "2012.04.??"]
[EventType "swiss"]
[EventRounds "5"]
[EventCountry "GER"]
[WhiteTeam "Stockstadt SC-SF"]
[BlackTeam "Nürnberg Noris-Tarr. SC"]

1. d4 Nf6 2. Nf3 g6 3. Bg5 Bg7 4. Nbd2 d6 5. e4 O-O 6. Bc4 c6 7. c3 Qc7 8. e5
Nd5 9. exd6 Qxd6 10. O-O e6 11. Re1 Nd7 12. Bh4 N7f6 13. Bg3 Qd8 14. h3 b6 15.
Ne5 Bb7 16. Qe2 a6 17. Rad1 Qe7 18. a3 c5 19. Ndf3 b5 20. Ba2 Rac8 21. Bh4 cxd4
22. Rxd4 h6 23. Qd3 Qc7 24. Bb1 Bc6 25. Bg3 Qb7 26. Nxc6 Rxc6 27. Be5 Rfc8 28.
Nh4 Rc4 29. Nf3 Rxd4 30. Nxd4 Qd7 31. Qf3 Re8 32. g4 Qc8 33. Ba2 Qa8 34. Bb1
Nb6 35. Qe2 Qd5 36. Bc2 Nc4 37. Bb3 Qxe5 38. Bxc4 Qxe2 39. Bxe2 Nd5 40. Nc6 e5
41. Bf3 Nc7 42. Rd1 e4 43. Be2 Ne6 44. Rd7 Nc5 45. Rd5 Na4 46. Rd2 Bf6 47. Rc2
e3 48. Nb4 exf2+ 49. Kxf2 Ra8 50. Kf3 Be7 51. Nc6 Bf6 52. Nb4 Bg7 53. Kf2 Nb6
54. Bf3 Ra7 55. Re2 Nc4 56. Bd5 Nb6 57. Bb3 Kf8 58. Nc6 Rc7 59. Nb4 Ra7 60. Rd2
Bf6 61. Rd6 Bh4+ 62. Kf3 a5 63. Rxb6 axb4 64. cxb4 Rd7 65. Ke2 Re7+ 66. Kd3 f5
67. Rxg6 Rd7+ 68. Ke2 f4 69. Be6 Rd6 70. Rxh6 Bg5 71. Rg6 Bh4 72. Rg8+ Ke7 73.
Bf5 Rd4 74. Rb8 Rd5 75. Kf3 Bg3 76. Rb7+ Kf6 77. Rb6+ Kg7 78. Rg6+ Kf8 79. Re6
Rd2 80. Re2 Rd1 81. Be4 Rc1 82. g5 Kg7 83. Rc2 Re1 84. Bc6 Rf1+ 85. Kg4 1-0

[Event "Erlanger BSGW-Open 2012 30rd"]
[Site "Erlangen/Eltersd.(30.3.-1.4)"]
[Date "2012.04.01"]
[Round "5.18"]
[White "Nehls, Benedikt"]
[Black "Zhao, Kevin"]
[Result "1/2-1/2"]
[WhiteElo "1988"]
[BlackElo "1771"]
[PlyCount "66"]
[EventDate "2012.04.??"]
[EventType "swiss"]
[EventRounds "5"]
[EventCountry "GER"]
[WhiteTeam "Erlangen 48/88 SC"]
[BlackTeam "Erlangen 48/88 SC"]

1. Nf3 e6 2. c4 f5 3. g3 Nf6 4. Bg2 Be7 5. O-O O-O 6. d4 d6 7. Nc3 Ne4 8. Qc2
Nxc3 9. Qxc3 Nc6 10. Rd1 Bf6 11. Qe1 Qe7 12. d5 exd5 13. cxd5 Ne5 14. Nd4 Bd7
15. Rb1 Rac8 16. b3 c5 17. dxc6 bxc6 18. Nc2 Be6 19. Ba3 Rfd8 20. Rbc1 c5 21.
Ne3 Nd7 22. Rc2 Nb6 23. Rdc1 Rd7 24. Qd1 Qf7 25. Rd2 Be5 26. Bb2 Bxb2 27. Rxb2
d5 28. Qe1 d4 29. Nf1 c4 30. bxc4 Bxc4 31. Qa5 Rcd8 32. h3 Qe6 33. Bf3 Re8
1/2-1/2

[Event "Erlanger BSGW-Open 2012 30rd"]
[Site "Erlangen/Eltersd.(30.3.-1.4)"]
[Date "2012.04.01"]
[Round "5.19"]
[White "Ulusoy, Tolga"]
[Black "Stuhler, Kilian"]
[Result "1/2-1/2"]
[WhiteElo "1966"]
[BlackElo "1778"]
[PlyCount "116"]
[EventDate "2012.04.??"]
[EventType "swiss"]
[EventRounds "5"]
[EventCountry "GER"]
[WhiteTeam "Nürnberg Noris-Tarr. SC"]
[BlackTeam "Dillingen SC"]

1. e4 e5 2. f4 d5 3. exd5 e4 4. d3 Nf6 5. dxe4 Nxe4 6. Nf3 Bc5 7. Qe2 Qxd5 8.
Nbd2 Bf5 9. g4 Bf2+ 10. Kd1 Bxg4 11. Bg2 f5 12. Rf1 Bb6 13. c4 Qd7 14. Kc2 Nc6
15. Nb3 O-O-O 16. Be3 Bxe3 17. Qxe3 Qf7 18. Rad1 Qxc4+ 19. Kb1 Nb4 20. Rc1 Qd3+
21. Qxd3 Nxd3 22. Rc4 Nxf4 23. Bh1 Ne6 24. Kc1 Bh3 25. Re1 Nf4 26. Kc2 Nd3 27.
Rg1 g6 28. Nfd4 Ne5 29. Ra4 a6 30. Re1 Nd7 31. Ne6 Rde8 32. Nf4 Bg4 33. h3 Bh5
34. Nxh5 gxh5 35. Bxe4 fxe4 36. Raxe4 Rxe4 37. Rxe4 Rg8 38. Re7 Nf6 39. Rf7 Rg6
40. Nd4 h6 41. Ne6 Nd5 42. Nc5 Rd6 43. Rf8+ Rd8 44. Rf7 b6 45. Ne6 Re8 46. Nd4
Re3 47. h4 Nb4+ 48. Kc1 Nxa2+ 49. Kd2 Rh3 50. Nf3 Nb4 51. Ke2 Rh1 52. b3 Rb1
53. Nd2 Rg1 54. Rf6 Rg4 55. Nf3 Nd5 56. Rxh6 Nf4+ 57. Kf2 Rg6 58. Rh8+ Kb7
1/2-1/2

[Event "Erlanger BSGW-Open 2012 30rd"]
[Site "Erlangen/Eltersd.(30.3.-1.4)"]
[Date "2012.04.01"]
[Round "5.20"]
[White "Hagenbach, Udo"]
[Black "Hummel, Thomas(70)"]
[Result "1/2-1/2"]
[WhiteElo "1906"]
[BlackElo "1745"]
[PlyCount "39"]
[EventDate "2012.04.??"]
[EventType "swiss"]
[EventRounds "5"]
[EventCountry "GER"]
[WhiteTeam "Bergwinkel SV"]
[BlackTeam "Dietfurt/Altm. TSV"]

1. c4 f5 2. g3 Nf6 3. Bg2 c6 4. e3 g6 5. Ne2 Bg7 6. O-O e5 7. b4 O-O 8. Qb3 Kh8
9. Bb2 d6 10. Nbc3 Nbd7 11. Rab1 Qe7 12. d4 e4 13. b5 c5 14. Nf4 Nb6 15. dxc5
dxc5 16. Nfd5 Nbxd5 17. Nxd5 Nxd5 18. cxd5 Qd6 19. Rfd1 b6 20. Rbc1 1/2-1/2

[Event "Erlanger BSGW-Open 2012 30rd"]
[Site "Erlangen/Eltersd.(30.3.-1.4)"]
[Date "2012.04.01"]
[Round "5.21"]
[White "Noble, Alexander"]
[Black "Walter, Manfred(59)"]
[Result "1/2-1/2"]
[WhiteElo "1902"]
[BlackElo "1721"]
[PlyCount "31"]
[EventDate "2012.04.??"]
[EventType "swiss"]
[EventRounds "5"]
[EventCountry "GER"]
[WhiteTeam "Bad Nauheim SC"]
[BlackTeam "Lauf/P. SV"]

1. e4 d6 2. d4 Nf6 3. Nc3 e5 4. dxe5 dxe5 5. Qxd8+ Kxd8 6. Bc4 Be6 7. Bxe6 fxe6
8. Nf3 Bd6 9. Bg5 a6 10. O-O-O Ke7 11. Nd2 Nc6 12. f3 h6 13. Be3 b5 14. Nb3 Nd7
15. Rd2 Rhb8 16. Rhd1 1/2-1/2